Habitat Debate (Registro nro. 1184)

Detalles MARC
000 -LEADER
fixed length control field 00543nas a22001577a 4500
008 - CAMPO DE CONTROL RECURSOS CONTINUADOS
fixed length control field 130227t20049999ke ||||| |||| 00| 0 eng d
022 ## - INTERNATIONAL STANDARD SERIAL NUMBER
International Standard Serial Number 1020-3613
245 ## - TITULO
Titulo Habitat Debate
260 ## - PUBLICACION, DISTRIBUCION, ETC. (PIE DE IMPRENTA)
Lugar de publicación, distribución, etc Nairobi:
Nombre de la editorial, distribuidor, etc. UN-HABITAT,
Fecha de publicación 2004
300 ## - DESCRIPCION FISICA
Extensión v. :
546 ## - NOTA DE IDIOMA
Nota de lenguaje inglés
590 ## - NOTAS LOCALES (RLIN)
Nota local Existencias: 2004 10(4)<br/>BAJA DEPOSITO (CAJA 17) MAYO 2017<br/>
650 ## - MATERIA-TERMINO TEMATICO
Término temático DESARROLLO SOSTENIBLE
9 (RLIN) 1911
856 ## - LOCALIZACION ELECTRONICA Y ACCESO
Identificador Uniforme de Recurso (URI) <a href="http://www.unhabitat.org/pmss/searchResults.aspx?sort=relevance&page=search&searchField=title&searchstring=habitat+debate&x=0&y=0">http://www.unhabitat.org/pmss/searchResults.aspx?sort=relevance&page=search&searchField=title&searchstring=habitat+debate&x=0&y=0</a>
942 ## - ADDED ENTRY ELEMENTS (KOHA)
Source of classification or shelving scheme Dewey Decimal Classification
Item type Continuing Resources

No hay ítems disponibles.


UNIVERSIDAD NACIONAL DEL COMAHUE
Biblioteca de la Facultad de Ciencias Médicas
Sede Toschi: Los Arrayanes y Av. Toschi, Cipolletti  - Rio Negro
Sede Los Tordos:  Yrigoyen al 2211, Cipolletti - Rio Negro 

Teléfono: 0299 - 4774707 int 25
Contacto: biblioteca@facimed.uncoma.edu.ar
© 2011 - 2026